[Event "Online Olym Disabilities"]
[Site "Tornelo INT"]
[Date "2020.11.26"]
[Round "6.10"]
[White "Anfinogenov, Artem"]
[Black "Piekielny, Pawel"]
[Result "1/2-1/2"]
[WhiteElo "2061"]
[BlackElo "2098"]
[PlyCount "59"]
[EventDate "2020.11.21"]
[EventType "team-swiss (rapid)"]
[EventRounds "7"]
[EventCountry "NET"]
[SourceTitle "CBM 199 Extra"]
[Source "ChessBase"]
[SourceDate "2021.01.31"]
[SourceVersion "1"]
[SourceVersionDate "2021.01.31"]
[SourceQuality "1"]
[WhiteTeam "Russia III"]
[BlackTeam "Poland III"]
[WhiteTeamCountry "RUS"]
[BlackTeamCountry "POL"]

1. c4 Nf6 2. Nc3 e6 3. e4 d5 4. e5 d4 5. exf6 dxc3 6. bxc3 Qxf6 7. d4 e5 8. Nf3 exd4 9. Bg5 Qe6+ 10. Be2 Be7 11. cxd4 Bxg5 12. Nxg5 Qg6 13. Qd2 0-0 14. 0-0 Nc6 15. d5 Ne7 16. Rab1 b6 17. Rb3 Bf5 18. Qf4 Rad8 19. Rg3 Qd6 20. Qh4 Bg6 21. Bd3 Nf5 22. Bxf5 Bxf5 23. Nf3 Rde8 24. Nd4 Bg6 25. Nb5 Qc5 26. Qf4 Re4 27. Qxc7 Rxc4 28. Qxc5 Rxc5 29. Nxa7 Rxd5 30. Nc6 1/2-1/2

[Event "Online Olym Disabilities"]
[Site "Tornelo INT"]
[Date "2020.11.25"]
[Round "5.5"]
[White "Tuka, Oleg"]
[Black "Anfinogenov, Artem"]
[Result "0-1"]
[WhiteElo "2340"]
[BlackElo "2061"]
[PlyCount "20"]
[EventDate "2020.11.21"]
[EventType "team-swiss (rapid)"]
[EventRounds "7"]
[EventCountry "NET"]
[SourceTitle "CBM 199 Extra"]
[Source "ChessBase"]
[SourceDate "2021.01.31"]
[SourceVersion "1"]
[SourceVersionDate "2021.01.31"]
[SourceQuality "1"]
[WhiteTeam "Ukraine"]
[BlackTeam "Russia III"]
[WhiteTeamCountry "UKR"]
[BlackTeamCountry "RUS"]

1. d4 d5 2. Nf3 Nf6 3. c4 dxc4 4. Nc3 a6 5. a4 e6 6. e3 c5 7. Bxc4 Nc6 8. d5 exd5 9. Nxd5 Nxd5 10. Bxd5 Be7 0-1

[Event "Moscow-ch final"]
[Site "Moscow"]
[Date "2020.09.20"]
[Round "8"]
[White "Anfinogenov, Artem"]
[Black "Tunik, Sergey"]
[Result "1-0"]
[WhiteElo "2054"]
[BlackElo "2160"]
[PlyCount "65"]
[EventDate "2020.09.13"]
[EventType "swiss"]
[EventRounds "9"]
[EventCountry "RUS"]
[SourceTitle "CBM 198 Extra"]
[Source "ChessBase"]
[SourceDate "2020.11.30"]
[SourceVersion "1"]
[SourceVersionDate "2020.11.30"]
[SourceQuality "1"]

1. d4 d5 2. c4 e6 3. Nc3 Nf6 4. cxd5 exd5 5. Bg5 c6 6. e3 Be7 7. Bd3 Nbd7 8. f3 0-0 9. Nge2 Re8 10. Qc2 Nf8 11. Bh4 c5 12. Bf2 c4 13. Bf5 Bxf5 14. Qxf5 Qd7 15. Qxd7 N8xd7 16. 0-0-0 Bb4 17. g4 Nb6 18. a3 Bxc3 19. Nxc3 a6 20. Rhe1 g5 21. h4 h6 22. Rh1 Rad8 23. Rh2 Re6 24. Rdh1 Rde8 25. Kd2 Nc8 26. hxg5 hxg5 27. Bg3 Ne7 28. Be5 Ng6 29. Nxd5 Nxe5 30. Nxf6+ Rxf6 31. Rh8+ Kg7 32. Rxe8 Nxf3+ 33. Ke2 1-0

[Event "Moscow-ch final"]
[Site "Moscow"]
[Date "2020.09.19"]
[Round "7"]
[White "Anfinogenov, Artem"]
[Black "Rostovtsev, Dmitry"]
[Result "0-1"]
[WhiteElo "2054"]
[BlackElo "1737"]
[PlyCount "132"]
[EventDate "2020.09.13"]
[EventType "swiss"]
[EventRounds "9"]
[EventCountry "RUS"]
[SourceTitle "CBM 198 Extra"]
[Source "ChessBase"]
[SourceDate "2020.11.30"]
[SourceVersion "1"]
[SourceVersionDate "2020.11.30"]
[SourceQuality "1"]

1. d4 Nf6 2. c4 g6 3. Nc3 Bg7 4. e4 d6 5. Be2 0-0 6. Bg5 Na6 7. Qd2 c6 8. Nf3 Nc7 9. 0-0 d5 10. cxd5 cxd5 11. e5 Ne4 12. Nxe4 dxe4 13. Ne1 f6 14. exf6 exf6 15. Be3 Be6 16. f3 exf3 17. Nxf3 Nd5 18. Bh6 Qd7 19. Bxg7 Kxg7 20. Rfe1 Rfd8 21. Bc4 Rac8 22. Rac1 Bf7 23. a3 Rc7 24. Bb3 Rdc8 25. Rxc7 Qxc7 26. Bxd5 Bxd5 27. Qb4 Kg8 28. Re7 Qf4 29. Qb5 Bxf3 30. Re8+ Rxe8 31. Qxe8+ Kg7 32. Qd7+ Kh6 33. gxf3 Qxf3 34. d5 Qe3+ 35. Kg2 Qd2+ 36. Kf3 Qd3+ 37. Kf2 Qc2+ 38. Ke3 Qb3+ 39. Kf2 Qxb2+ 40. Kg1 Qc1+ 41. Kf2 Qd2+ 42. Kg1 Qe3+ 43. Kg2 Qe4+ 44. Kf2 Qf4+ 45. Kg2 Qd2+ 46. Kg1 Qe1+ 47. Kg2 Qe2+ 48. Kg1 f5 49. d6 Qd1+ 50. Kf2 Qd4+ 51. Kf3 Qd3+ 52. Kf2 f4 53. Qe6 Qd2+ 54. Kf3 Qxh2 55. d7 Qg3+ 56. Ke4 Qe3+ 57. Kd5 Qd3+ 58. Ke5 f3 59. Qh3+ Kg7 60. Ke6 Qe4+ 61. Kd6 Qc6+ 62. Ke5 Qf6+ 63. Kd5 f2 64. Kc5 f1Q 65. Qxf1 Qxf1 66. d8Q Qf8+ 0-1

[Event "Moscow-ch final"]
[Site "Moscow"]
[Date "2020.09.17"]
[Round "5"]
[White "Anfinogenov, Artem"]
[Black "Bukreev, Stanislav"]
[Result "1-0"]
[WhiteElo "2054"]
[BlackElo "1468"]
[PlyCount "103"]
[EventDate "2020.09.13"]
[EventType "swiss"]
[EventRounds "9"]
[EventCountry "RUS"]
[SourceTitle "CBM 198 Extra"]
[Source "ChessBase"]
[SourceDate "2020.11.30"]
[SourceVersion "1"]
[SourceVersionDate "2020.11.30"]
[SourceQuality "1"]

1. d4 Nf6 2. c4 c5 3. d5 e6 4. Nc3 exd5 5. cxd5 d6 6. Nf3 g6 7. Bf4 Bg7 8. Qa4+ Bd7 9. Qb3 Qc7 10. e4 Bg4 11. Nd2 0-0 12. Nb5 Qa5 13. f3 Bd7 14. Nxd6 b6 15. Bd3 Nh5 16. Be3 Ba4 17. Qa3 Qb4 18. Qxb4 cxb4 19. Rb1 Nd7 20. g4 Ne5 21. Be2 Nf6 22. g5 Nh5 23. b3 Bd7 24. Rg1 f5 25. f4 Ng4 26. Bxg4 fxg4 27. Rf1 g3 28. hxg3 Nxg3 29. Rf3 Nh5 30. e5 Bg4 31. Rf2 h6 32. N2e4 hxg5 33. Nxg5 Bh6 34. e6 Bxg5 35. fxg5 Rxf2 36. Kxf2 Rf8+ 37. Nf7 Ng7 38. Kg3 Nxe6 39. Nh6+ Kh7 40. Nxg4 Nc7 41. Rh1+ Kg8 42. Nf6+ Rxf6 43. gxf6 Nxd5 44. Bd4 a5 45. Rh8+ Kf7 46. Rh7+ Kg8 47. f7+ Kf8 48. Be5 Ne7 49. Bd6 b5 50. Kg4 a4 51. Kg5 axb3 52. Kf6 1-0

[Event "Moscow-ch final"]
[Site "Moscow"]
[Date "2020.09.16"]
[Round "4"]
[White "Teiitbaev, Aktilek"]
[Black "Anfinogenov, Artem"]
[Result "0-1"]
[WhiteElo "2106"]
[BlackElo "2054"]
[PlyCount "78"]
[EventDate "2020.09.13"]
[EventType "swiss"]
[EventRounds "9"]
[EventCountry "RUS"]
[SourceTitle "CBM 198 Extra"]
[Source "ChessBase"]
[SourceDate "2020.11.30"]
[SourceVersion "1"]
[SourceVersionDate "2020.11.30"]
[SourceQuality "1"]

1. e4 c5 2. Nf3 d6 3. Bb5+ Nd7 4. d4 cxd4 5. Qxd4 e5 6. Qd3 h6 7. Nc3 Ngf6 8. 0-0 a6 9. Bxd7+ Bxd7 10. Nd2 b5 11. Rd1 Bc6 12. Nf1 b4 13. Nd5 Nxd5 14. exd5 Bd7 15. Ne3 Qc8 16. Bd2 Rb8 17. a3 a5 18. Qc4 Qb7 19. axb4 axb4 20. Ra5 f5 21. Qe2 Kf7 22. Rda1 Be7 23. Ra7 Qc8 24. Nc4 Rd8 25. Qh5+ Kg8 26. b3 Rb7 27. Be3 f4 28. Bb6 Rxa7 29. Rxa7 Bg4 30. Nxd6 Rxd6 31. Qxe5 Rd7 32. h3 Bd6 33. Qa1 Rxa7 34. Qxa7 Bf5 35. Bd4 Qc7 36. Qa8+ Kh7 37. Qe8 Qe7 38. Qc6 f3 39. g3 Qe1+ 0-1

[Event "Moscow-ch final"]
[Site "Moscow"]
[Date "2019.04.06"]
[Round "8"]
[White "Anfinogenov, Artem"]
[Black "Tsoi, Dmitry"]
[Result "0-1"]
[WhiteElo "2065"]
[BlackElo "2376"]
[PlyCount "62"]
[EventDate "2019.03.30"]
[EventType "swiss"]
[EventRounds "9"]
[EventCountry "RUS"]
[SourceTitle "CBM 189 Extra"]
[Source "ChessBase"]
[SourceDate "2019.06.03"]
[SourceVersion "1"]
[SourceVersionDate "2019.06.03"]
[SourceQuality "1"]

1. c4 f5 2. d4 Nf6 3. Nc3 e6 4. Qc2 Be7 5. e3 0-0 6. Bd3 Nc6 7. a3 e5 8. Bxf5 exd4 9. Nd5 g6 10. Bd3 Nxd5 11. cxd5 Ne5 12. Be4 c5 13. exd4 cxd4 14. f4 Qa5+ 15. Bd2 Qb5 16. Nh3 d6 17. Nf2 Ng4 18. Bxg6 Bh4 19. g3 Ne3 20. Qd3 Qd7 21. Qxd4 hxg6 22. Bxe3 Bf6 23. Qd2 Qg7 24. Nd3 Re8 25. Kf2 Bf5 26. Rhe1 Bd4 27. Kf1 Bh3+ 28. Kg1 Rxe3 29. Rxe3 Re8 30. Rae1 Qe7 31. Kf2 Qe4 0-1

[Event "Moscow-ch final"]
[Site "Moscow"]
[Date "2019.03.31"]
[Round "2"]
[White "Israfilov, Ali"]
[Black "Anfinogenov, Artem"]
[Result "1/2-1/2"]
[WhiteElo "1792"]
[BlackElo "2065"]
[PlyCount "105"]
[EventDate "2019.03.30"]
[EventType "swiss"]
[EventRounds "9"]
[EventCountry "RUS"]
[SourceTitle "CBM 189 Extra"]
[Source "ChessBase"]
[SourceDate "2019.06.03"]
[SourceVersion "1"]
[SourceVersionDate "2019.06.03"]
[SourceQuality "1"]

1. e4 e5 2. Nf3 Nc6 3. Bb5 Nf6 4. 0-0 Nxe4 5. d4 Nd6 6. Bxc6 dxc6 7. dxe5 Nf5 8. Qxd8+ Kxd8 9. Rd1+ Ke8 10. Nc3 h6 11. h4 Be7 12. g3 Be6 13. Kg2 Rd8 14. Bf4 Rg8 15. h5 Bb4 16. g4 Ne7 17. Kg3 Bxc3 18. bxc3 g6 19. Rxd8+ Kxd8 20. hxg6 Rxg6 21. g5 Nf5+ 22. Kh2 Bd5 23. gxh6 Nxh6 24. Ng5 Ng4+ 25. Kg3 Nxe5 26. Bxe5 Rxg5+ 27. Kf4 Rg2 28. Ke3 Rg4 29. Bf4 Kd7 30. a3 Rg6 31. Re1 c5 32. Rd1 Re6+ 33. Kd2 Re4 34. Be3 Kc6 35. Kc1 Rg4 36. Kb2 a5 37. Re1 Bf3 38. Bh6 Be4 39. Rd1 Bd5 40. Re1 Rg6 41. Bf4 Rf6 42. Bg3 Be6 43. Rd1 b6 44. Rd8 Kb5 45. Rd2 c6 46. Rd6 Rf3 47. Rd8 Kc4 48. Rh8 Bg4 49. Re8 Be6 50. Rh8 Kb5 51. Rd8 Bd5 52. Rh8 Rf6 53. Re8 1/2-1/2

[Event "RUS IPCA-ch"]
[Site "Nalchik"]
[Date "2016.05.05"]
[Round "6"]
[White "Kuprin, Vladimir"]
[Black "Anfinogenov, Artem"]
[Result "1/2-1/2"]
[WhiteElo "2119"]
[BlackElo "2065"]
[PlyCount "64"]
[EventDate "2016.04.30"]
[EventType "swiss"]
[EventRounds "9"]
[EventCountry "RUS"]
[SourceTitle "CBM 172 Extra"]
[Source "ChessBase"]
[SourceDate "2016.06.21"]
[SourceVersion "1"]
[SourceVersionDate "2016.06.21"]
[SourceQuality "1"]

1. e4 e5 2. Nf3 Nc6 3. d4 exd4 4. Nxd4 Bc5 5. Be3 Qf6 6. c3 Nge7 7. Bc4 0-0 8. 0-0 Qg6 9. Nd2 Bxd4 10. cxd4 d5 11. exd5 Nb4 12. Qf3 Bg4 13. Qe4 Qxe4 14. Nxe4 Nbxd5 15. Rac1 Rad8 16. Nc3 Be6 17. Nxd5 Bxd5 18. Bd3 c6 19. a3 Rfe8 20. b4 Nc8 21. Rfe1 f6 22. f3 Kf7 23. Bf2 Nb6 24. Kf1 Rxe1+ 25. Kxe1 Be6 26. Kd2 Nd5 27. g3 Nc7 28. a4 Bb3 29. Ra1 a6 30. Be4 Bd5 31. Ke3 g6 32. g4 Ne6 1/2-1/2

[Event "RUS IPCA-ch"]
[Site "Nalchik"]
[Date "2016.05.01"]
[Round "2"]
[White "Chestnov, Vitaliy A"]
[Black "Anfinogenov, Artem"]
[Result "1-0"]
[WhiteElo "2208"]
[BlackElo "2065"]
[PlyCount "93"]
[EventDate "2016.04.30"]
[EventType "swiss"]
[EventRounds "9"]
[EventCountry "RUS"]
[SourceTitle "CBM 172 Extra"]
[Source "ChessBase"]
[SourceDate "2016.06.21"]
[SourceVersion "1"]
[SourceVersionDate "2016.06.21"]
[SourceQuality "1"]

1. d4 d5 2. c4 dxc4 3. e4 b5 4. a4 c6 5. b3 e5 6. Nf3 exd4 7. bxc4 bxc4 8. Bxc4 Bb4+ 9. Bd2 Bxd2+ 10. Nbxd2 Nd7 11. Qb3 Nh6 12. Nxd4 Qf6 13. Qc3 c5 14. Nb5 Qxc3 15. Nxc3 Ne5 16. Bb5+ Bd7 17. Nd5 0-0 18. f4 Bxb5 19. axb5 Nd7 20. Ke2 Nb6 21. Ne7+ Kh8 22. Rhc1 Rfe8 23. Nc6 c4 24. Kf3 f5 25. e5 g5 26. fxg5 Nf7 27. Kf4 Nd5+ 28. Kxf5 Ne3+ 29. Ke4 Nxg2 30. Nxc4 Nxg5+ 31. Kd3 Nf4+ 32. Ke3 Ng2+ 33. Kf2 Nf4 34. Ke3 Ng2+ 35. Kd3 Nf4+ 36. Kc2 Ne4 37. Rxa7 Rxa7 38. Nxa7 Nd5 39. Nc6 Rg8 40. Kd3 Nf2+ 41. Kd4 Nc7 42. b6 Ne6+ 43. Ke3 Ng4+ 44. Kd2 Nc5 45. Rg1 Ne4+ 46. Kc1 h5 47. b7 1-0

[Event "RUS IPCA-ch"]
[Site "Nalchik"]
[Date "2015.05.04"]
[Round "5"]
[White "Anfinogenov, Artem"]
[Black "Gedgafov, Chamal"]
[Result "1/2-1/2"]
[WhiteElo "2054"]
[BlackElo "2140"]
[PlyCount "73"]
[EventDate "2015.04.30"]
[EventType "swiss"]
[EventRounds "9"]
[EventCountry "RUS"]
[SourceTitle "EXT 2018"]
[Source "ChessBase"]
[SourceDate "2017.10.13"]
[SourceVersion "1"]
[SourceVersionDate "2017.10.13"]
[SourceQuality "1"]

1. d4 Nf6 2. c4 c5 3. d5 b5 4. cxb5 a6 5. b6 e6 6. Nc3 exd5 7. Nxd5 Nxd5 8. Qxd5 Nc6 9. Nf3 Qf6 10. e4 Rb8 11. Bc4 Bb7 12. Bg5 Qe6 13. Bf4 Rc8 14. 0-0 Na5 15. Qxb7 Nxb7 16. Bxe6 fxe6 17. a4 d6 18. Rfd1 Be7 19. Nd2 Rf8 20. Bg3 Na5 21. Rab1 Rc6 22. b4 cxb4 23. Rxb4 Kd7 24. Nb3 Nb7 25. f3 Rfc8 26. Bf2 Rc2 27. Rbd4 Rb2 28. R4d3 Rc4 29. Kf1 e5 30. a5 Ke6 31. R1d2 Rb1+ 32. Rd1 Rxd1+ 33. Rxd1 Rb4 34. Rd3 Rb5 35. Rc3 Bd8 36. Be1 Kd7 37. Rd3 1/2-1/2